Geography Quiz

Random Geography or State Quiz

Identify the Midwestern States Quiz Stats

 Plays Quiz Updated Apr 21, 2018

Challenge
Share
Tweet
Score 0/12 Timer 00:30
35 Plays Today
% Correct
North Dakota
83.7%
South Dakota
83.1%
Ohio
79.3%
Minnesota
77.6%
Illinois
77.5%
Iowa
77.4%
Wisconsin
76.7%
Nebraska
76.5%
Michigan
76.5%
Kansas
76.3%
Indiana
75.7%
Missouri
72.7%

You're not logged in!

Compare scores with friends on all Sporcle quizzes.
OR
Log In

You Might Also Like...

Show Comments

Extras

Top Quizzes Today


Score Distribution

Your Account Isn't Verified!

In order to create a playlist on Sporcle, you need to verify the email address you used during registration. Go to your Sporcle Settings to finish the process.

Report this User

Report this user for behavior that violates our Community Guidelines.

Details: